20 vragen over van alles en nog wat - Quiz 3 - Statistieken

Algemene statistieken
  • Deze quiz is 6 keer genomen
  • De gemiddelde score is 8 van 20
Antwoordstatistieken
Hint Antwoord % Correct
In welk werelddeel ligt Kazachstan Azië
83%
Welk dier is een border collie Hond
83%
Wat zit er absoluut niet in Koffie
83%
Waar is outlet centrum Bataviastad Lelystad
83%
Vanaf welke leeftijd mag je cappocino drinken (advies) 12
67%
Hoe noem je een hoge kroon die koninginnen dragen Tiara
67%
Noem de drie letters van het land waar dat is USA
67%
Hoe heet de hoofdstad van Kazachstan Astana
50%
In welke staat is dat Florida
50%
Hoe heette die stad tussen 2019 en 2022 Nur-Sultan
50%
Wat is de grootste stad van Kazachstan Almaty
33%
Wat is een cappocino voor kinderen Babyccino
33%
Hoe heet een speciaal soort balletschoenen Spitzen
33%
Vanaf welke leeftijd mag je cappocino drinken (advies) 13
17%
Centrale verdedigers die tegenover de spits staan Voorstopper
17%
Uit welke twee dieren komen ze voort Herdershond
0%
Uit welke twee dieren komen ze voort Jachthond
0%
Uit welk land komt deze gewoonte voort Mesopotamië
0%
Het grootste outlet centrum ter wereld 2025 Sawgrass Mills
0%
Het grootste outlet centrum ter wereld 2025 stad Sunrise
0%
Geen overeenkomende quizzen gevonden
Scoreverdeling
Procent van Mensen met Elke Score
Percentiel versus Aantal Correcte Antwoorden
Uw Scoregeschiedenis
U heeft deze quiz nog niet genomen